Statistics for Baby Shark - Lyrics

Click here to take the quiz!

General Stats

  • This quiz has been taken 107 times
  • The average score is 36 of 36

Answer Stats

Answer% Correct
Baby {Shark}!
100%
{Baby} Shark doo doo doo doo doo doo
100%
Baby Shark doo {doo} doo doo doo doo
100%
Baby {Shark} doo doo doo doo doo doo
100%
Daddy {Shark}!
100%
{Daddy} Shark doo doo doo doo doo doo
100%
Daddy {Shark} doo doo doo doo doo doo
100%
Daddy Shark doo doo doo {doo} doo doo
100%
Grandma {Shark}!
100%
{Grandma} Shark doo doo doo doo doo doo
100%
Grandma Shark doo doo doo doo {doo} doo
100%
Grandma {Shark} doo doo doo doo doo doo
100%
Grandpa {Shark}!
100%
Grandpa Shark doo doo doo doo doo {doo}
100%
Grandpa Shark doo {doo} doo doo doo doo
100%
It's the {end}!
100%
It's the end doo {doo} doo doo doo doo
100%
It's {the} end doo doo doo doo doo doo
100%
{It's} the end doo doo doo doo doo doo
100%
Let's Go {hunt} !
100%
Let's go hunt doo doo doo {doo} doo doo
100%
Let's {go} hunt doo doo doo doo doo doo
100%
{Let's} go hunt doo doo doo doo doo doo
100%
Mommy Shark {doo} doo doo doo doo doo
100%
Mommy {Shark} doo doo doo doo doo doo
100%
Run {away}!
100%
Run {away} doo doo doo doo doo doo
100%
Run away doo doo doo doo {doo} doo
100%
Safe at last {doo} doo doo doo doo doo
100%
{Grandpa} Shark doo doo doo doo doo doo
99%
{Run} away doo doo doo doo doo doo
99%
{Safe} at last!
99%
Safe {at} last doo doo doo doo doo doo
99%
Safe at {last} doo doo doo doo doo doo
99%
{Mommy} Shark!
98%
{Mommy} Shark doo doo doo doo doo doo
98%

Score Distribution

Percentile by Number Answered

Percent of People with Each Score

Your Score History

You have not taken this quiz